Faculty of Law Library — Cairo University

Official Online Catalog

العقود الإدارية / (Record no. 54536)

MARC details
000 -LEADER
fixed length control field 01086nam a2200289 4500
003 - CONTROL NUMBER IDENTIFIER
control field EG-GICUC
005 - DATE AND TIME OF LATEST TRANSACTION
control field 20260121101647.0
008 - FIXED-LENGTH DATA ELEMENTS--GENERAL INFORMATION
fixed length control field 260105s2001 ua ||||fr|||| 00| 0 ara d
040 ## - CATALOGING SOURCE
Original cataloging agency EG-GICUC
Language of cataloging ara
Transcribing agency EG-GICUC
Modifying agency EG-GICUC
Description conventions rda
041 0# - LANGUAGE CODE
Language code of text/sound track or separate title ara
082 04 - DEWEY DECIMAL CLASSIFICATION NUMBER
Edition number 21
Classification number 345.7
Item number س ع . ع
092 04 - LOCALLY ASSIGNED DEWEY CALL NUMBER (OCLC)
Edition number 21
099 ## - LOCAL FREE-TEXT CALL NUMBER (OCLC)
Classification number Law1 07 345.7 س ع . ع 2 ed - 2001
100 0# - MAIN ENTRY--PERSONAL NAME
Personal name سعاد الشرقاوي
Relator term مؤلف.
245 12 - TITLE STATEMENT
Title العقود الإدارية /
Statement of responsibility, etc. سعاد الشرقاوي
250 ## - EDITION STATEMENT
Edition statement الطبعة الثانية مزيدة ومعدلة
264 #1 - PRODUCTION, PUBLICATION, DISTRIBUTION, MANUFACTURE, AND COPYRIGHT NOTICE
Place of production, publication, distribution, manufacture القاهرة :
Name of producer, publisher, distributor, manufacturer دار النهضة العربية،
Date of production, publication, distribution, manufacture, or copyright notice [2001].
300 ## - PHYSICAL DESCRIPTION
Extent 438 صفحة ؛
Dimensions 24 سم.
336 ## - CONTENT TYPE
Source rda content
Content type term text
337 ## - MEDIA TYPE
Source rda media
Media type term Computer
338 ## - CARRIER TYPE
Source rda carrier
Carrier type term Online Resource
546 ## - LANGUAGE NOTE
Language note النص أغلبه باللغة العربية مع بعض النصوص الفرنسية
650 14 - SUBJECT ADDED ENTRY--TOPICAL TERM
Topical term or geographic name entry element العقود الإدارية
General subdivision القانون الاداري
856 40 - ELECTRONIC LOCATION AND ACCESS
Uniform Resource Identifier <a href="https://fll.law.cu.edu.eg/fulltext/bks/B07-02465.pdf">https://fll.law.cu.edu.eg/fulltext/bks/B07-02465.pdf</a>
905 ## - Cataloger and Reviser Names
Cataloger Name: Rawan khaled
942 ## - ADDED ENTRY ELEMENTS (KOHA)
Source of classification or shelving scheme Dewey Decimal Classification
Suppress in OPAC No
Koha item type Books
Edition 21
Holdings
Withdrawn status Lost status Source of classification or shelving scheme Damaged status Not for loan Collection Home library Current library Date acquired Total checkouts Full call number Barcode Date last seen Copy number Price effective from Koha item type
    Dewey Decimal Classification   Not for loan القانون الإداري جــــامعة القــاهرة مكتبة كلية الحقوق - المبنى الرئيسي 05.01.2026   Law1 07 345.7 س ع . ع 2 ed - 2001 0702465 C1 B07-02465 05.01.2026 1 05.01.2026 Books

© All rights reserved — Faculty of Law, Cairo University